Metodologické prístupy k oceňovaniu prírodných zdrojov a surovín - voda štúdia

Na minha lista:
Detalhes bibliográficos
Autor principal: Romančíková, Eva
Formato: Livro
Idioma:eslovaco
Publicado em: Bratislava Výskumný ústav vodného hospodárstva 1989
Tags: Adicionar Tag
Sem tags, seja o primeiro a adicionar uma tag!

MARC

LEADER 00000nam$a2200000$$$4500
001 0091987
005 20240502072028.0
041 0 |a slo 
044 |a SK 
245 1 0 |a Metodologické prístupy k oceňovaniu prírodných zdrojov a surovín - voda  |b štúdia  |c Eva Romančíková 
264 1 |a Bratislava  |b Výskumný ústav vodného hospodárstva  |c 1989 
300 |a [40] s. 
100 1 |a Romančíková, Eva